000 00396nam a2200145 4500
001 126363
003 ES-MaACL
005 20230906192815.0
007 t|
008 070214s1947 sp r ||||1| spa d
245 0 3 _aLa reconstrucción de España.
260 _aMadrid :
_bPublicaciones Españolas,
_c1947.
300 _a9 h., 26 lám. :
_bil. ;
_c30 cm.
852 _aES-MaACL
_jC-10747
_bR.36535
999 _c126363
_d126363